LEADER 04926nam 2200685Ia 450 001 9910452546203321 005 20200520144314.0 010 $a1-118-38477-6 010 $a1-118-38476-8 035 $a(CKB)2550000001108761 035 $a(EBL)1332518 035 $a(OCoLC)855504049 035 $a(SSID)ssj0001074105 035 $a(PQKBManifestationID)11651287 035 $a(PQKBTitleCode)TC0001074105 035 $a(PQKBWorkID)11212926 035 $a(PQKB)11084669 035 $a(MiAaPQ)EBC1332518 035 $a(Au-PeEL)EBL1332518 035 $a(CaPaEBR)ebr10740438 035 $a(CaONFJC)MIL508847 035 $a(OCoLC)857059659 035 $a(EXLCZ)992550000001108761 100 $a20130812d2013 uy 0 101 0 $aeng 135 $aur|n|---||||| 181 $ctxt 182 $cc 183 $acr 200 13$aAn aid to the MRCP PACES$b[electronic resource] $hVolume 3$iStation 5 /$fR. E. J. Ryder, E. A. Freeman and E. N. Fogden 205 $a4th ed. 210 $aChichester $cWiley$d2013 215 $a1 online resource (602 p.) 300 $aDescription based upon print version of record. 311 $a1-118-34805-2 311 $a1-299-77596-9 327 $a14 | 'Examine this patient's face'15 | 'Examine this patient's hands'; 16 | 'Examine this patient's skin'; 17 | 'Examine this patient's rash'; 18 | 'Examine this patient's neck'; 19 | 'Assess this patient's thyroid status'; 20 | 'Examine this patient's knee'; 21 | 'Examine this patient's hip'; 22 | 'What is the diagnosis?'; Section H: Station 5, Integrated Clinical Assessment; Station 5: Scenarios by specialty; Dermatology; Scenario 1 Non-resolving leg ulcer: pyoderma gangrenosum; Candidate's information; Patient's information; Rheumatology; Candidate; Key areas for examination 327 $aDifferential diagnosisDiscussion with patient; Discussion with examiners; Scenario 2 Generalized rash: psoriasis; Candidate's information; Patient's information; Candidate; Key areas for examination; Differential diagnosis; Discussion with patient; Discussion with examiners; Scenario 3 Dermatomyositis and falls; Candidate's information; Patient's information; Candidate; Key areas for examination; Differential diagnosis; Discussion with patient; Discussion with examiners; Scenario 4 Systemic sclerosis and Raynaud's syndrome; Candidate's information; Patient's information; Endocrine 327 $aCandidateKey areas for examination; Differential diagnosis; Discussion with patient; Discussion with examiners; Scenario 5 Rheumatoid arthritis and effects on activities of daily living (ADL); Candidate's information; Patient's information; Candidate; Key areas for examination; Differential diagnosis; Discussion with patient; Discussion with examiners; Scenario 6 Psoriatic arthropathy; Candidate's information; Patient's information; Candidate; Key areas for examination; Differential diagnosis; Discussion with patient; Discussion with examiners 327 $aScenario 7 Ankylosing spondylitis: short notesScenario 8 Gout: short notes; Scenario 9 Steroid toxicity: short notes; Other reported rheumatology cases; Scenario 10 Thyroid eye disease; Candidate's information; Patient's information; Eyes; Candidate; Key areas for examination; Differential diagnosis; Discussion with patient; Discussion with examiners; Scenario 11 Acromegaly; Candidate's information; Patient's information; Candidate; Key areas for examination; Differential diagnosis; Discussion with patient; Discussion with examiners; Scenario 12 Diabetes mellitus and Charcot joint 327 $aCandidate's information 330 $aAn Aid to the MRCP PACES Volume 3: Station 5 is a brand new, fully updated edition of the best-selling PACES revision guide to address the newest Station, covering Integrated Clinical Assessment, with content guided by the experiences of PACES candidates.The cases and scenarios have been written in accordance with the latest examining and marking schemes used for the exam providing an invaluable training and revision aid for all MRCP PACES candidates.In order to fully support candidates taking the exam, this trilogy of best-selling revision aids is now presented 606 $aInternal medicine$vExaminations, questions, etc 606 $aPhysical diagnosis$zGreat Britain$vCase studies 606 $aPhysicians$xLicenses$zGreat Britain$xExaminations$vStudy guides 608 $aElectronic books. 615 0$aInternal medicine 615 0$aPhysical diagnosis 615 0$aPhysicians$xLicenses$xExaminations 676 $a610.76 700 $aFreeman$b E. A$g(Eleanor Anne)$0136369 701 $aFreeman$b E. A$g(Eleanor Anne)$0136369 701 $aFogden$b E. N$0907565 801 0$bMiAaPQ 801 1$bMiAaPQ 801 2$bMiAaPQ 906 $aBOOK 912 $a9910452546203321 996 $aAn aid to the MRCP PACES$92030196 997 $aUNINA LEADER 02927nam 2200673 a 450 001 9910139217903321 005 20170816113021.0 010 $a0-470-88548-3 010 $a1-119-20436-4 010 $a1-282-68539-2 010 $a9786612685392 010 $a0-470-88347-2 035 $a(CKB)2560000000011233 035 $a(EBL)537302 035 $a(OCoLC)638860283 035 $a(SSID)ssj0000436685 035 $a(PQKBManifestationID)12104844 035 $a(PQKBTitleCode)TC0000436685 035 $a(PQKBWorkID)10429254 035 $a(PQKB)10077464 035 $a(MiAaPQ)EBC537302 035 $a(EXLCZ)992560000000011233 100 $a20090924d2009 uy 0 101 0 $aeng 135 $aur|n|---||||| 181 $ctxt 182 $cc 183 $acr 200 10$aForex analysis and trading$b[electronic resource] $eeffective top-down strategies combining fundamental, position, and technical analyses /$fT.J. Marta and Joseph Brusuelas 205 $a1st ed. 210 $aNew York $cBloomberg Press$d2009 215 $a1 online resource (274 p.) 225 1 $aBloomberg Financial ;$vv.43 300 $aDescription based upon print version of record. 311 $a1-57660-339-3 320 $aIncludes bibliographical references and index. 327 $aForex Analysis and Trading; CONTENTS; Introduction; PART I Fundamental Analysis; Chapter 1 Purchasing Power Parity; Chapter 2 Real Exchange Rates and the External Balance; Chapter 3 Exchange-Rate Determination over the Medium Term: Parity Conditions, Capital Flows, and Current Account; Chapter 4 Fair-Value Regressions; PART II Market Sentiment and Positioning; Chapter 5 Futures Non-Commercial Positioning; Chapter 6 Risk Reversals; PART III Technical Analysis; Chapter 7 Trend-Following Indicators; Chapter 8 Oscillators; Chapter 9 Technical Pattern Recognition; Case Studies; Conclusion; Index 330 $a"Two foreign exchange trading professionals share their unique top-down approach to currency analysis. Their approach combines the best of fundamental, sentiment, and technical analysis to reveal the most profitable trading opportunities in one of the world's largest markets"--Provided by publisher. 410 0$aBloomberg Financial 606 $aForeign exchange market 606 $aForeign exchange futures 606 $aCurrency convertibility 606 $aInvestment analysis 608 $aElectronic books. 615 0$aForeign exchange market. 615 0$aForeign exchange futures. 615 0$aCurrency convertibility. 615 0$aInvestment analysis. 676 $a332.4/5 676 $a332.45 700 $aMarta$b T. J.$f1963-$0981824 701 $aBrusuelas$b Joseph$f1966-$0981825 801 0$bMiAaPQ 801 1$bMiAaPQ 801 2$bMiAaPQ 906 $aBOOK 912 $a9910139217903321 996 $aForex analysis and trading$92240769 997 $aUNINA LEADER 01022nam a2200265 i 4500 001 991001161149707536 008 050720s2004 nju b 001 0 eng d 020 $a0691115109 035 $ab13329649-39ule_inst 040 $aDip.to Studi Giuridici$bita 082 0 $a330.91767$222 100 1 $aKuran, Timur$0145510 245 10$aIslam and Mammon :$bthe economic predicaments of Islamism /$cTimur Kuran 260 $aPrinceton, N.J. :$bPrinceton University Press,$cc2004 300 $axviii, 194 p. ;$c24 cm 504 $aInclude riferimenti bibliografici (p. [149]-188) e indice 650 4$aEconomia$zPaesi Islamici 650 4$aEconomia$xAspetti religiosi$xIslam 651 4$aIslam$xAspetti economici 907 $a.b13329649$b21-09-06$c20-07-05 912 $a991001161149707536 945 $aLE027 330.91 KUR01.01$g1$i2027000106691$lle027$o-$pE41.00$q-$rl$s- $t0$u2$v1$w2$x0$y.i14109803$z20-07-05 996 $aIslam and Mammon$91105046 997 $aUNISALENTO 998 $ale027$b20-07-05$cm$da $e-$feng$gnju$h0$i0 LEADER 04351oam 22006852 450 001 9910767700903321 005 20260304110042.0 010 $a9781003835769 010 $a1003835767 010 $a9781032466248 010 $a1032466243 010 $a9781003382607 010 $a1003382606 024 7 $a10.4324/9781003382607 035 $a(CKB)29310494000041 035 $a(MiAaPQ)EBC31727526 035 $a(OCoLC)1407097098 035 $a(OCoLC-P)1407097098 035 $a(FlBoTFG)9781003382607 035 $a(ODN)ODN0010330688 035 $a(EXLCZ)9929310494000041 100 $a20230919d2024 uy 0 101 0 $aeng 135 $aur||||||||||| 181 $ctxt$2rdacontent 182 $cc$2rdamedia 183 $acr$2rdacarrier 200 00$aDispossession $eanthropological perspectives on Russia's war against Ukraine /$fedited by Catherine Wanner 210 $d2023 210 1$aNew York :$cRoutledge,$d2024. 215 $a1 online resource 225 0 $aAnthropology of now 311 08$a9781032466224 311 08$a1032466227 327 $aThe time that was taken from us: temporal experiences after the full-scale Russian invasion of Ukraine / Natalia Otrishchenko -- The emotional and behavioral consequences of the Russian invasion of Ukraine for the civilian population of Ukraine / Valentyna Pavlenko -- Population displacement and the Russian occupation of Crimea: "never again" becomes "again and again" / Greta Uehling -- No longer a citizen: dispossession in Eastern Ukraine / Oleksandra Tarkhanova -- Fragmented lives, fragmented histories in Odesa / Marina Sapritsky-Nahum -- Faith and war: grassroots Ukrainian Protestantism in the context of the Russian invasion / Tatiana Vagramenko -- Memes as antibodies: creativity and resilience in the face of Russia's war / Laada Bilaniuk -- "Russian warship, Go f*ck yourself": circulating social media discourses in the Russia-Ukraine war / Bridget Goodman -- Responses to dispossession: self-organization and the state / Emily Channell-Justice -- Women and gender equality in the Ukrainian Armed Forces / Tamara Martsenyuk -- Meeting the other: peacekeeping and religious actors in a time of war / Tetiana Kalenychenko 330 $a"This volume examines Russia's war on Ukraine. Scholars who have lived through the Russian invasion or who have conducted ethnographic research in the region for decades provide timely analysis of a war that will leave a lasting mark on the 21st century. Using the concept of dispossession, this volume showcases some of the novel ways violence operates in this war and the multiple means by which civilians, within the conflict zone and beyond, have become active participants in the war effort. Anthropological perspectives on war provide on-the-ground insight, historically informed analysis, and theoretical engagement to depict the experiences of dispossession by war and the motivations that drive the responses of the dispossessed. Such perspectives humanize the victims even as they depict the very inhumanity of war. Dispossession is geared towards upper-level undergraduate and graduate students, scholars, and the general reader who seeks to have a deeper understanding of the Russian-Ukrainian war as it continues to impact geopolitics more broadly"--$cProvided by publisher. 606 $aRusso-Ukrainian War, 2014-$xSocial aspects 606 $aCivilians in war$zUkraine 606 $aWar victims$zUkraine 606 $aAnthropology and history 606 $aRussian Invasion of Ukraine, 2022$xSocial aspects 606 $aSOCIAL SCIENCE / Anthropology / General$2bisacsh 606 $aSOCIAL SCIENCE / Anthropology / Cultural$2bisacsh 615 0$aRusso-Ukrainian War, 2014-$xSocial aspects. 615 0$aCivilians in war 615 0$aWar victims 615 0$aAnthropology and history. 615 0$aRussian Invasion of Ukraine, 2022$xSocial aspects. 615 7$aSOCIAL SCIENCE / Anthropology / General 615 7$aSOCIAL SCIENCE / Anthropology / Cultural 676 $a947.7086 686 $aSOC002000$aSOC002010$2bisacsh 700 $aWanner$b Catherine$01020656 702 $aWanner$b Catherine$f1960- 801 0$bOCoLC-P 801 1$bOCoLC-P 906 $aBOOK 912 $a9910767700903321 996 $aDispossession$94551759 997 $aUNINA